| 000 -ლიდერი |
| ფიქსირებული სიგრძის საკონტროლო ველი |
01813nam a2200289Ia 4500 |
| 001 - საკონტროლო ნომერი |
| საკონტროლო ველი |
2721 |
| 003 - საკონტროლო ნომრის იდენტიფიკატორი |
| საკონტროლო ველი |
GE_BSU |
| 005 - ბოლო ოპერაციის თარიღი და დრო |
| საკონტროლო ველი |
20190605171654.0 |
| 008 - ფიქსირებული სიგრძის მონაცემთა ელემენტები - ზოგადი ინფორმაცია |
| ფიქსირებული სიგრძის საკონტროლო ველი |
181216s||||||||xx |||||||||||||| ||und|| |
| 020 ## - წიგნის საერთაშორისო სტანდარტული ნომერი |
| International Standard Book Number |
9789941401848 |
| 040 ## - კატალოგიზაციის წყარო |
| Transcribing agency |
GE_BSU |
| 041 ## - ენის კოდი |
| Language code of text/sound track or separate title |
geo |
| 080 ## - უნივერსალური ათობითი კლასიფიკაციის ინდექსი |
| Universal Decimal Classification number |
81(479.9) ი-72 |
| 245 ## - ცნობა სათაურის შესახებ |
| Title |
Folia Caucasica : იოსტ გიპერტის დაბადებიდან 55-ე წლისთავისადმი მიძღვნილი საიუბილეო კრებული / |
| Statement of responsibility, etc |
იოჰან ვოლფგანგ გოეთეს უნ-ტი (ფრანკფურტი), ივ. ჯავახიშვილის სახ. თსუ, კლასიკური ფილოლოგიის, ბიზანტინისტიკისა და ნეოგრეცისტიკის ინ-ტი ; რედ.: მანანა თანდაშვილი, ზაქარია ფურცხვანიძე. |
| 264 ## - წარმოების, გამოცემის, დისტრიბუციის და სხვა ცნობები |
| გამოცემის, წარმოების, დისტრიბუციის... ადგილი |
თბილისი, |
| გამოცემის, წარმოების, დისტრიბუციის... თარიღი |
2011 |
| 300 ## - ფიზიკური აღწერა |
| Extent |
229 გვ.; |
| Other physical details |
229 სმ. |
| 653 ## - INDEX TERM--UNCONTROLLED |
| Uncontrolled term |
ძველი ქართული ენა |
| 653 ## - INDEX TERM--UNCONTROLLED |
| Uncontrolled term |
ქართული ხელნაწერები |
| 653 ## - INDEX TERM--UNCONTROLLED |
| Uncontrolled term |
კავკასიოლოგია |
| 653 ## - INDEX TERM--UNCONTROLLED |
| Uncontrolled term |
კავკასიური ენები |
| 700 ## - ADDED ENTRY--PERSONAL NAME |
| Personal name |
ბერიძე, მარინე |
| Relator term |
ავტორი |
| 9 (RLIN) |
2136 |
| 700 ## - ADDED ENTRY--PERSONAL NAME |
| Personal name |
Boeder, Winfried |
| Relator term |
ავტორი |
| 9 (RLIN) |
2137 |
| 700 ## - ADDED ENTRY--PERSONAL NAME |
| Personal name |
დობორჯგინიძე, ნინო და სხვ. |
| Relator term |
ავტორი |
| 9 (RLIN) |
2138 |
| 700 ## - ADDED ENTRY--PERSONAL NAME |
| Personal name |
თანდაშვილი, მანანა |
| Relator term |
რედაქტორი |
| 9 (RLIN) |
2139 |
| 700 ## - ADDED ENTRY--PERSONAL NAME |
| Personal name |
ფურცხვანიძე, ზაქარია |
| Relator term |
რედაქტორი |
| 9 (RLIN) |
2140 |
| 942 ## - ADDED ENTRY ELEMENTS (KOHA) |
| Koha item type |
წიგნი |
| Source of classification or shelving scheme |
|